La otra historia de la sexualidad / (Record no. 110868)
[ view plain ]
| 000 -CABECERA | |
|---|---|
| campo de control de longitud fija | 00967nam a2200313 a 4500 |
| 001 - NÚMERO DE CONTROL | |
| campo de control | 000114407 |
| 003 - IDENTIFICADOR DEL NÚMERO DE CONTROL | |
| campo de control | CHAP |
| 005 - FECHA Y HORA DE LA ÚLTIMA TRANSACCIÓN | |
| campo de control | 20220329144440.0 |
| 008 - DATOS DE LONGITUD FIJA--INFORMACIÓN GENERAL | |
| campo de control de longitud fija | 180122s1990 mx |r| ||||||spa d |
| 010 ## - NÚMERO DE CONTROL DE LA BIBLIOTECA DEL CONGRESO | |
| Número de control de LC | 110868 |
| 011 ## - ENLACE DEL NUMERO DE CONTROL DE LA BIBLIOTECA DEL CONGRESO [OBSOLETO] | |
| Número de control de LC | 111840 |
| 020 ## - NÚMERO INTERNACIONAL ESTÁNDAR DEL LIBRO | |
| Número Internacional Estándar del Libro | 84-270-1416-3 (Ediciones Martínez Roca) |
| 020 ## - NÚMERO INTERNACIONAL ESTÁNDAR DEL LIBRO | |
| Número Internacional Estándar del Libro | 9682107830 |
| 040 ## - FUENTE DE LA CATALOGACIÓN | |
| Centro/agencia transcriptor | CHAP |
| 082 04 - NÚMERO DE LA CLASIFICACIÓN DECIMAL DEWEY | |
| Número de clasificación | 306.7 |
| Número de documento/Ítem | F36 |
| 100 1# - ENTRADA PRINCIPAL--NOMBRE DE PERSONA | |
| Nombre de persona | Fernández de Castro y de Trinchería, Chimo |
| 9 (RLIN) | 134436 |
| 245 10 - MENCIÓN DE TÍTULO | |
| Título | La otra historia de la sexualidad / |
| Mención de responsabilidad, etc. | por Chimo Fernández de Castro y de Trinchería. |
| 260 ## - PUBLICACIÓN, DISTRIBUCIÓN, ETC. | |
| Lugar de publicación, distribución, etc. | México, D.F. : |
| Nombre del editor, distribuidor, etc. | Ediciones Roca |
| Lugar de publicación, distribución, etc. | Barcelona : |
| Nombre del editor, distribuidor, etc. | Martínez Roca, |
| Fecha de publicación, distribución, etc. | 1990. |
| 300 ## - DESCRIPCIÓN FÍSICA | |
| Extensión | [200 p.]. |
| 490 0# - MENCIÓN DE SERIE | |
| Mención de serie | Opus voluptatis |
| 590 ## - NOTA LOCAL (RLIN) | |
| Nota local | E11695DGD |
| Procedencia (VM) [OBSOLETO] | 10 |
| Condición del los carretes individuales (VM) [OBSOLETO] | 20180123 |
| -- | UCH01 |
| -- | 1030 |
| 590 ## - NOTA LOCAL (RLIN) | |
| Nota local | E11695DGD |
| Procedencia (VM) [OBSOLETO] | 10 |
| Condición del los carretes individuales (VM) [OBSOLETO] | 20180123 |
| -- | UCH01 |
| -- | 1031 |
| 590 ## - NOTA LOCAL (RLIN) | |
| Nota local | E5765TAJ |
| Procedencia (VM) [OBSOLETO] | 05 |
| Condición del los carretes individuales (VM) [OBSOLETO] | 20180122 |
| -- | UCH01 |
| -- | 0845 |
| 650 14 - PUNTO DE ACCESO ADICIONAL DE MATERIA--TÉRMINO DE MATERIA | |
| Término de materia o nombre geográfico como elemento de entrada | Sexo |
| Subdivisión general | Historia. |
| 9 (RLIN) | 105417 |
| 830 #0 - PUNTO DE ACCESO ADICIONAL DE SERIE-TÍTULO UNIFORME | |
| Título uniforme | Opus voluptatis |
| 9 (RLIN) | 134437 |
| 901 ## - ELEMENTOS DE DATOS A LOCAL LDA (RLIN) | |
| a | BK |
| 942 ## - ELEMENTOS DE PUNTO DE ACCESO ADICIONAL (KOHA) | |
| Tipo de ítem Koha | Libro |
| 942 ## - ELEMENTOS DE PUNTO DE ACCESO ADICIONAL (KOHA) | |
| Suprimir en OPAC | 0 |
| Estado de retiro | Estado de pérdida | Fuente del sistema de clasificación o colocación | Estado dañado | Restricciones de uso | No para préstamo | Código de colección | Localización permanente | Ubicación/localización actual | Fecha de adquisición | Información codificada de la localización en otra ubicación | Total de préstamos | Signatura topográfica completa | Código de barras | Fecha visto por última vez | Precio válido a partir de | Tipo de ítem Koha |
|---|---|---|---|---|---|---|---|---|---|---|---|---|---|---|---|---|
| Dewey Decimal Classification | Préstamo 15 días | General | Centro Regional San Luis Acatlán | Centro Regional San Luis Acatlán | 22/01/2018 | LIBRO | 306.7 F36 | 02000001170 | 31/12/2019 | 22/01/2018 | Libro |
